000 00544nam a22002177a 4500
999 _c7644
_d7644
001 7644
003 BD-JhCC
005 20180212174501.0
008 180212s1962 xxu||||| |||| 00| 0 eng d
035 _a(BD-JhCC)7644
040 _aBD-JhCC
_dBD-JhCC
041 _aeng
082 _a301.1584
_bBOO 1962
100 _aBoone, Pat
245 _aTwixt Twelve and Twenty /
_cPat Boone
260 _aNew York :
_bRichard Clay and Company LTD,
_c1962.
300 _a172 p. :
_c18 cm.
650 _aYouth
650 _aCristain Life
942 _2ddc
_cBK